LEADER 02089oam 2200565M 450 001 9910716392703321 005 20200213070540.6 035 $a(CKB)5470000002520204 035 $a(OCoLC)1065857341 035 $a(OCoLC)995470000002520204 035 $a(EXLCZ)995470000002520204 100 $a20071213d1926 ua 0 101 0 $aeng 135 $aurcn||||||||| 181 $ctxt$2rdacontent 182 $cc$2rdamedia 183 $acr$2rdacarrier 200 10$aInvestigation of the textile, steel and aluminum industries. June 21 (calendar day, June 22), 1926. -- Ordered to be printed 210 1$a[Washington, D.C.] :$c[U.S. Government Printing Office],$d1926. 215 $a1 online resource (2 pages) 225 1 $aSenate report / 69th Congress, 1st session. Senate ;$vno. 1122 225 1 $a[United States congressional serial set] ;$v[serial no. 8528] 300 $aBatch processed record: Metadata reviewed, not verified. Some fields updated by batch processes. 300 $aFDLP item number not assigned. 517 $aInvestigation of the textile, steel and aluminum industries. June 21 606 $aAluminum industry and trade 606 $aAluminum 606 $aGovernmental investigations$zUnited States 606 $aIron industry and trade 606 $aSteel industry and trade 606 $aTextile industry 606 $aWages 606 $aWork environment 608 $aLegislative materials.$2lcgft 615 0$aAluminum industry and trade. 615 0$aAluminum. 615 0$aGovernmental investigations 615 0$aIron industry and trade. 615 0$aSteel industry and trade. 615 0$aTextile industry. 615 0$aWages. 615 0$aWork environment. 701 $aBingham$b Hiram$f1875-1956$pRepublican (CT)$0463205 801 0$bWYU 801 1$bWYU 801 2$bOCLCO 906 $aBOOK 912 $a9910716392703321 996 $aInvestigation of the textile, steel and aluminum industries. June 21 (calendar day, June 22), 1926. -- Ordered to be printed$93471308 997 $aUNINA LEADER 01157nam2-2200337---450 001 990005715040403321 005 20251119130415.0 035 $a000571504 035 $aFED01000571504 035 $a(Aleph)000571504FED01 100 $a19990604d1897----km-y0itay50------ba 101 0 $aita$alat 102 $aIT 105 $ayf------001yy 200 1 $a<<1.: Le >>pergamene del Duomo di Bari, 952-1264$fper G. B. Nitto De Rossi e Francesco di Vito 210 $aBari$c[V. Vecchi]$d1897 215 $aLVII, 240 p., [9] c. di tav.$d31 cm 461 0$1001000571494$12001$aCodice diplomatico barese$fedito a cura della Commissione Provinciale di Archeologia e Storia Patria$v1 610 0 $aPergamene$aBari$aDuomo$aSec. 10.-13. 610 0 $aPuglia$aStoria$aFonti archivistiche$aSec. 10.-13. 676 $a945.751 676 $a091 702 1$aNitto De Rossi,$bGiovanni Battista 702 1$aNitti,$bFrancesco$f 801 0$aIT$bUNINA$gRICA$2UNIMARC 901 $aBK 912 $a990005715040403321 952 $a7/III F 43$bbibl.18992$fFLFBC 959 $aFLFBC 996 $aPergamene del Duomo di Bari, 952-1264$9574224 997 $aUNINA